01128 2200289 4500001002100000005001500021035002000036007000300056008004100059020001800100082001100118084001500129245021600144250002000360300003800380500020700418650001500625650001100640650002100651700003000672264003000702336002100732337003000753338002300783990001600806990001600822INLIS00000000000006020260415040642 a0010-0426000059ta260415 g 0 ind  a9789792930627 a004.11 a004.11 PAN aPanduan aplikasif & Solusi (PAS) : autocad dan 3ds max 2012 untuk desain animasi 3d bangunan /ceditor, Westriningsih ; setting, Sri Sulistiyani ; desain cover, dan_dut ; korektor, Putri Christian / Aktor Sadewa acetakan pertama a278 halaman :bilustrasi ;c23 cm aMenjelaskan teknik pembuatan objek arsitektur serta animasinya agar tampak mendekati kenyataan dengan menggabungkan kekuatan AutoCAD untuk presisi desain dan 3ds Max untuk visualisasi 3D tingkat lanjut. 4aArsitektur 4aDesain 4aProgram Komputer0 aWestriningsihePenyunting aYogyakarta :bANDI,c2012 2rdacontentateks 2rdamediaatanpa perantara 2rdacarrieravolume aPP000125/19 aPP000239/19